000 02590pam a2200565 a 4500
001 23178579
003 PE-LiUPU
005 20260507144628.0
008 910129s1991 nyu b 000 0 eng
020 _a0824511026
040 _aDLC
_cPE-LiUPU
_dPE-LiUPU
_bspa
_erda
082 0 0 _a170.4
_223
_bK99g
100 1 _aKüng, Hans,
_d1928- 2021.
_eautor.
245 1 0 _aGlobal responsibility :
_bin search of a new world ethic /
_cHans Küng.
264 _aNew York :
_bCrossroad Publishing Company,
_c1991.
300 _axix, 158 páginas :
_c24 centímetros.
500 _aTranslation of: Projekt Weltethos.
500 _aTraducido por John Bowden.
504 _aincluye bibliografía y referencias páginas 139-158.
505 _aNO SURVIVAL WITHOUT A WORLD ETHIC WHY WE NEED A GLOBAL ETHIC: From modernity to posmodernity -- Why ethics -- A coalition of believers and non-believers -- Ethics in tension betwen autonomy and religión -- World religions and a world ethic -- Specific christian contributions -- NO WORLD PEACE WITHOUT RELIGIOUS PEACE AN ECUMENICAL WAY BETWEEN FANATICISM FOR TRUTH AND FORGETFULNESS OF TRUTH: The two faces of religion -- The question of truth -- The quest for ecumenical criteria for truth -- The humanum a basic ecumenical criterion -- Capacity for dialogue and steadfastness are not opposites -- NO RELIGIOUS PEACE WITHOUT RELIGIOUS DIALOGUE PROLEGOMENA TO AN ANALYSIS OF THE RELIGIOUS SITUATION OF OUR TIME: No religious dialogue without research into basics -- How history can no longer be written -- Application of the paradigm theory to the currects of religious systems -- An ecumenical theology for peace -- Imperative for inter-religious dialogue in the postmodern period.
526 _aSEG68
526 _aSEG70
526 _aSEG69
526 _aSEG67
526 _aSEG43
526 _aP144
526 _aP143
526 _aP131
526 _aP122
526 _aP120
526 _aP117
526 _aP112
526 _aP110
526 _aP106
526 _aP101
526 _aP80
526 _aP59
526 _aP54
526 _aP35
526 _aP33
526 _aP30
650 0 _aEtica
_91625
650 0 _aReligión y ética
_91627
650 0 _aPaz
_xAspectos religiosos.
_91631
650 0 _aCristianismo y otras religiones
_91630
650 0 _aReligion
_xEcumenismo
_91629
942 _2ddc
_cBK
_n0
980 _621515
_aDIGNA BRAÑES Analista Documental
_818226
_gJaime Vilcazán Jefe de Análisis Documental
999 _c61924
_d61924